The new complete guide to beekeeping /

Bibliographic Details
Main Author: Morse, Roger A.
Format: Book
Language:English
Published: Woodstock, Vt. : Countryman Press, [1994]
Subjects:

MARC

Tag First Indicator Second Indicator Subfields
LEADER 00000cam a2200000 a 4500
001 in00001222621
005 20151003052923.0
008 940622s1994 vtua 001 0 eng
010 |a  94003657  
020 |a 0881503150 :  |c $15.00 
035 |a (OCoLC)30739495 
035 |9 AGR7532AM 
040 |a DLC  |c DLC  |d AGL  |d UtOrBLW 
049 |a TXAM 
050 0 0 |a SF523  |b .M76 1994 
070 0 |a SF523.M76  |b 1994 
072 0 |a L002 
082 0 0 |a 631/.1  |2 20 
100 1 |a Morse, Roger A. 
245 1 4 |a The new complete guide to beekeeping /  |c Roger A. Morse. 
264 1 |a Woodstock, Vt. :  |b Countryman Press,  |c [1994] 
264 4 |c ©1994 
300 |a 207 pages :  |b illustrations ;  |c 23 cm. 
336 |a text  |b txt  |2 rdacontent 
337 |a unmediated  |b n  |2 rdamedia 
338 |a volume  |b nc  |2 rdacarrier 
500 |a Includes index. 
650 0 |a Bee culture. 
999 |a MARS 
999 f f |s bef3fcc5-89ab-318b-97ef-d66cfd4d1f53  |i 2bf7ecfa-fe00-3bba-9cf6-6c41f1b3a2a8  |t 0 
952 f f |p ric  |a Texas A&M University  |b Rellis Campus  |c Joint Library Facility  |d Remote Storage  |t 0  |e SF523 .M76 1994  |h Library of Congress classification  |i unmediated -- volume  |m A14819068711 
998 f f |a SF523 .M76 1994  |t 0  |l Remote Storage